00689 2200241 4500001002100000005001700021008004100038035002400079040001500103082001100118090001800129100001900147245010000166250001100266260003400277300002300311500003100334500001100365650002100376700002300397850001200420990001500432YOGYA-0209000003438720090227024903.0 ind  0010-020900000034387 aYOPDYOG(B) a297.61 a297.61bIbr M aIbrahim, Rizal aMenghadirkan hatibpanduan menggapai cinta IllahicRizal Ibrahim; Penyunting Sabrin R. Soenardi aCet. 1 aYogyakartabPustaka Supc2003 axx, 340 hlmc24 cm aBibliografi : hlm. 329-330 aIndeks aIslam - Filsafat aSumardi, Sahirun R aYOPDYOG a03B0000151